Principales programas y logros, en seis años de gestión revolucionaria

Enregistré dans:
Détails bibliographiques
Collectivité auteur: Nicaragua. Presidencia de la República. Dirección de Planificación de la Comunicación Estatal
Format: Texte
Publié: Managua: DIPLACE
Tags: Ajouter un tag
Pas de tags, Soyez le premier à ajouter un tag!

MARC

LEADER 00000 a a2200000 04500
001 21705
003
040
090 |a 097000  
110 |a Nicaragua. Presidencia de la República. Dirección de Planificación de la Comunicación Estatal  
245 |a Principales programas y logros, en seis años de gestión revolucionaria  
260 |a Managua:   |b DIPLACE  
300 |a 77 p.  
999 |c 13308  |d 13308